00391nam a2200133 a 450000100100000000500170001000800410002704000250006808200160009310000370010924500520014626000370019830000220023500003198520200930063332.0110707s1969 dr 000 0 spa d aDO-SdBNPbspacBNPHU axxxxbA594c1 aÁngulo López, Lilianod1919-10aCarta a una isla / :bLiliano Ángulo López. aSanto Domingo :b[s. n.],c1969. a[22 p.] ;c21 cm.